000
00321nam a2200145Ia 4500
100
_a
Kandpal/Prakash chand
650
_a
Environment
942
_c
BK
366
_f
25
245
_a
Environmental governance in India:Issues and challenges
260
_b
sage
_c
2018
082
_b
KAN
546
_a
ENGLISH
999
_c
23008
_d
23008